000 00339nam a22001217a 4500
999 _c9767
_d9767
003 OSt
008 201212b ||||| |||| 00| 0 eng d
245 _aIndian Journal of Industrial Relations
250 _a2018(Jan Vol.53 No.3, Apr Vol.53 No.4)
260 _aNew Delhi
_bShri Ram Centre
650 _aMechanical Engineering
942 _2ddc
_cBV